[Event "Quebec-ch U20"]
[Site "Montreal CAN"]
[Date "2011.02.12"]
[Round "3"]
[White "Manailoiu, Dragos"]
[Black "Yu, Kexin"]
[Result "0-1"]
[WhiteElo "1503"]
[BlackElo "1631"]
[PlyCount "84"]
[GameId "2160767909812678"]
[EventDate "2011.02.11"]
[EventType "swiss"]
[EventRounds "5"]
[EventCountry "CAN"]
[SourceTitle "EXT 2013"]
[Source "ChessBase"]
[SourceDate "2012.11.22"]
[SourceVersion "1"]
[SourceVersionDate "2012.11.22"]
[SourceQuality "1"]

1. d4 Nf6 2. c4 g6 3. Nc3 Bg7 4. e4 d6 5. Nf3 O-O 6. Be2 e5 7. O-O exd4 8. Nxd4 Re8 9. Bg5 h6 10. Bxf6 Bxf6 11. Nd5 Rxe4 12. Nb5 Na6 13. Bd3 Re8 14. Nbc3 Bg7 15. Qd2 Bd7 16. f4 Bd4+ 17. Kh1 c6 18. Bc2 Bg7 19. Ne3 Qb6 20. Ned1 Be6 21. f5 gxf5 22. Bxf5 Bxc4 23. Rf4 Be6 24. Na4 Qc7 25. Ne3 d5 26. Raf1 Re7 27. Bg4 Rae8 28. Nf5 Bxf5 29. Bxf5 Qe5 30. Bd3 Nc7 31. Qf2 Rf8 32. Bg6 Qe6 33. Bh5 b6 34. Qg3 Ne8 35. Nc3 Qe5 36. Qf3 Nf6 37. Rf5 Qe6 38. Nd1 Nxh5 39. Qxh5 Qe2 40. Qh4 Re4 41. Qg3 Qg4 42. Qd3 Rd4 0-1

[Event "Quebec-ch U20"]
[Site "Montreal CAN"]
[Date "2011.02.12"]
[Round "3"]
[White "Shi, Ling Yun"]
[Black "Wang, Kelly"]
[Result "0-1"]
[WhiteElo "1519"]
[BlackElo "1519"]
[PlyCount "118"]
[GameId "2160767909812679"]
[EventDate "2011.02.11"]
[EventType "swiss"]
[EventRounds "5"]
[EventCountry "CAN"]
[SourceTitle "EXT 2013"]
[Source "ChessBase"]
[SourceDate "2012.11.22"]
[SourceVersion "1"]
[SourceVersionDate "2012.11.22"]
[SourceQuality "1"]

1. e4 c5 2. Nf3 Nc6 3. d4 cxd4 4. Nxd4 g6 5. Nc3 Bg7 6. Be3 Nf6 7. Be2 O-O 8. O-O d6 9. Bf3 Ne5 10. Be2 Neg4 11. Bg5 Bd7 12. h3 Ne5 13. Nd5 Nxd5 14. exd5 Rc8 15. c3 Nc4 16. Bxc4 Rxc4 17. Qe2 Qc8 18. Qxe7 Re8 19. Qxd6 Be5 20. Qa3 Bxh3 21. Bh4 Qg4 22. Bg3 Bxg3 23. fxg3 Qxg3 24. Rf2 Re4 25. Qb3 Rc7 26. Rd1 Rce7 27. Rdf1 Rh4 28. c4 Re3 29. Qxb7 Bd7 30. Qa8+ Re8 31. Qxe8+ Bxe8 32. Nf3 Rxc4 33. Re1 Bb5 34. Ne5 Rh4 35. Nf3 Rh5 36. Rd1 g5 37. d6 g4 38. d7 Bxd7 39. Rxd7 gxf3 40. Rxf3 Qe1+ 41. Rf1 Rh1+ 42. Kxh1 Qxf1+ 43. Kh2 Qf4+ 44. Kh1 Kg7 45. Rxa7 Qh6+ 46. Kg1 Qe3+ 47. Kf1 Qxa7 48. a3 Qb6 49. b4 Qa6+ 50. Ke1 Qxa3 51. b5 Qb4+ 52. Kd1 Qxb5 53. Ke1 Kf6 54. Kf2 Kf5 55. Kg3 Kg5 56. Kf3 Qd3+ 57. Kf2 Kf4 58. g4 Qd2+ 59. Kg1 Kg3 0-1

[Event "Quebec-ch U20"]
[Site "Montreal CAN"]
[Date "2011.02.12"]
[Round "3"]
[White "Sun, Benjamin"]
[Black "He, Hang Shao"]
[Result "0-1"]
[WhiteElo "1437"]
[BlackElo "1508"]
[PlyCount "126"]
[GameId "2160767909812680"]
[EventDate "2011.02.11"]
[EventType "swiss"]
[EventRounds "5"]
[EventCountry "CAN"]

1. e4 c5 2. Nf3 d6 3. d4 cxd4 4. Nxd4 Nf6 5. Nc3 a6 6. Bg5 e6 7. f4 Be7 8. Qf3 Qc7 9. O-O-O O-O 10. g4 b5 11. h4 Bb7 12. Bxf6 Bxf6 13. g5 Be7 14. a3 Rc8 15. h5 d5 16. Bd3 Bxa3 17. Nb1 Bc5 18. Nb3 dxe4 19. Bxe4 Bxe4 20. Qxe4 Be3+ 21. N1d2 Bxf4 22. g6 Nc6 23. Rhf1 e5 24. gxh7+ Kh8 25. Nc5 Qa5 26. Ncb3 Qa2 27. Rxf4 exf4 28. Qxf4 Ra7 29. Qf5 Rac7 30. Nf3 Nb4 31. Nfd4 Rxc2+ 32. Nxc2 Rxc2+ 33. Qxc2 Nxc2 34. Kxc2 Qa4 35. Rd4 b4 36. Rf4 Qc6+ 37. Kb1 Qh1+ 38. Ka2 Qxh5 39. Rxb4 Kxh7 40. Rb6 g5 41. Rxa6 g4 42. Ra5 Qh3 43. Rg5 g3 44. Nd4 g2 45. Ne2 Qe6+ 46. Kb1 Qxe2 47. b4 Qd1+ 48. Kb2 Qd2+ 49. Kb3 Qxg5 50. Ka4 g1=Q 51. b5 Qxb5+ 52. Kxb5 Qd4 53. Kc6 Kg7 54. Kc7 Qf6 55. Kd7 Kg6 56. Kc7 Qe6 57. Kb7 Qd6 58. Ka7 Qb4 59. Ka8 Kf6 60. Ka7 Ke6 61. Ka8 Kd7 62. Ka7 Kc7 63. Ka8 Qb7# 0-1

[Event "Quebec-ch U20"]
[Site "Montreal CAN"]
[Date "2011.02.12"]
[Round "3"]
[White "Trottier, Emile"]
[Black "Yun, Chang"]
[Result "0-1"]
[WhiteElo "1973"]
[BlackElo "1789"]
[PlyCount "148"]
[GameId "2160767909812682"]
[EventDate "2011.02.11"]
[EventType "swiss"]
[EventRounds "5"]
[EventCountry "CAN"]
[SourceTitle "EXT 2013"]
[Source "ChessBase"]
[SourceDate "2012.11.22"]
[SourceVersion "1"]
[SourceVersionDate "2012.11.22"]
[SourceQuality "1"]

1. e4 c5 2. c3 d5 3. exd5 Qxd5 4. d4 cxd4 5. cxd4 Nc6 6. Nf3 e6 7. Be3 Nf6 8. Bd3 Be7 9. O-O O-O 10. Nc3 Qd8 11. a3 a6 12. Bc2 b5 13. Qd3 Bb7 14. Bg5 g6 15. Bh6 Re8 16. Rad1 Bf8 17. Bxf8 Rxf8 18. Qe3 Ne7 19. Ne5 Ned5 20. Nxd5 Qxd5 21. Qh3 Nh5 22. f4 Nf6 23. Rf3 Qd6 24. Rg3 Be4 25. Bxe4 Nxe4 26. Rgd3 Rac8 27. Qh6 Rfe8 28. Rh3 Nf6 29. g4 Qf8 30. Qh4 Qg7 31. g5 Nd5 32. Ng4 Rc2 33. Nf6+ Nxf6 34. gxf6 Qh8 35. Rc3 Rc8 36. Rxc2 Rxc2 37. d5 exd5 38. Rxd5 Rc8 39. Rd6 h5 40. Qh3 Rc1+ 41. Kf2 Qh6 42. Qe3 Rc8 43. Rxa6 h4 44. Qe4 h3 45. Ra8 Qh4+ 46. Kf3 Rxa8 47. Qxa8+ Kh7 48. Qe8 Qxf6 49. Qxb5 Qd4 50. Qb3 Qd7 51. Kg3 Qf5 52. Qf3 Qe6 53. b4 Qd7 54. Qe2 Qa7 55. Qd3 f5 56. Kxh3 Qg7 57. Qg3 Qd7 58. Qe3 Qg7 59. Kg3 Qd7 60. h3 Kh6 61. Qc3 Kh7 62. Qc2 Qa7 63. Qc3 Qg1+ 64. Kh4 Qf2+ 65. Kg5 Qa7 66. Qc5 Qg7 67. Qd6 Qh6+ 68. Kf6 g5+ 69. Ke5 Qxd6+ 70. Kxd6 gxf4 71. b5 f3 72. b6 f2 73. b7 f1=Q 74. b8=Q Qf4+ 0-1

[Event "Quebec-ch U20"]
[Site "Montreal CAN"]
[Date "2011.02.12"]
[Round "3"]
[White "Zhu, Hong Rui"]
[Black "Cote-Lalumiere, Tristan"]
[Result "1-0"]
[WhiteElo "2062"]
[BlackElo "1884"]
[PlyCount "65"]
[GameId "2160767909812683"]
[EventDate "2011.02.11"]
[EventType "swiss"]
[EventRounds "5"]
[EventCountry "CAN"]
[SourceTitle "EXT 2013"]
[Source "ChessBase"]
[SourceDate "2012.11.22"]
[SourceVersion "1"]
[SourceVersionDate "2012.11.22"]
[SourceQuality "1"]

1. e4 c5 2. Nf3 d6 3. d4 cxd4 4. Nxd4 Nf6 5. Nc3 g6 6. Be3 Bg7 7. f3 Nc6 8. Qd2 O-O 9. Bc4 Bd7 10. O-O-O Rc8 11. Bb3 Ne5 12. Kb1 a5 13. a4 Nc4 14. Bxc4 Rxc4 15. b3 Rc8 16. Ndb5 Be6 17. Bh6 Qb6 18. Bxg7 Kxg7 19. g4 Nd7 20. h4 Ne5 21. Rdf1 h6 22. g5 Qc5 23. f4 Nc4 24. bxc4 Bxc4 25. Rf3 Qb4+ 26. Kc1 Bxb5 27. Nxb5 Qxa4 28. Qd4+ Qxd4 29. Nxd4 Rc5 30. c3 e5 31. fxe5 dxe5 32. Ne6+ fxe6 33. gxh6+ 1-0

[Event "Quebec-ch U20"]
[Site "Montreal CAN"]
[Date "2011.02.13"]
[Round "4"]
[White "Chang, Michael"]
[Black "Zhu, Hong Rui"]
[Result "0-1"]
[WhiteElo "1538"]
[BlackElo "2062"]
[PlyCount "102"]
[GameId "2160767909812684"]
[EventDate "2011.02.11"]
[EventType "swiss"]
[EventRounds "5"]
[EventCountry "CAN"]
[SourceTitle "EXT 2013"]
[Source "ChessBase"]
[SourceDate "2012.11.22"]
[SourceVersion "1"]
[SourceVersionDate "2012.11.22"]
[SourceQuality "1"]

1. c4 c5 2. Nc3 Nc6 3. g3 e5 4. Bg2 g6 5. e3 Bg7 6. Nge2 Nge7 7. O-O O-O 8. a3 d6 9. Rb1 a5 10. Qa4 Bf5 11. Ra1 Be6 12. Nd5 Bd7 13. Qc2 Nxd5 14. cxd5 Ne7 15. a4 b5 16. b3 Qb6 17. Rb1 Rab8 18. Ba3 f5 19. d3 Rfc8 20. Rfc1 Qd8 21. Qd1 Qe8 22. axb5 Bxb5 23. Nc3 Bd7 24. Bb2 Rb7 25. Ba1 Rcb8 26. Qc2 Nc8 27. Ne2 Bb5 28. Bc3 a4 29. bxa4 Bxa4 30. Qa2 Rxb1 31. Rxb1 Rxb1+ 32. Qxb1 Qb5 33. Qxb5 Bxb5 34. Nc1 Nb6 35. Ba5 Na4 36. f4 exf4 37. gxf4 Kf7 38. Kf2 Bb2 39. Nb3 Bxd3 40. Bf1 Be4 41. Bc4 Ke7 42. Nd2 Bc2 43. Bb3 Bxb3 44. Nxb3 Bc3 45. Bxc3 Nxc3 46. Ke1 Nxd5 47. Kd2 Ke6 48. Kd3 Nf6 49. h3 Kd5 50. Nc1 Ne4 51. Ke2 Kc4 0-1

[Event "Quebec-ch U20"]
[Site "Montreal CAN"]
[Date "2011.02.13"]
[Round "4"]
[White "Cote-Lalumiere, Tristan"]
[Black "Shi, Ling Yun"]
[Result "1-0"]
[WhiteElo "1884"]
[BlackElo "1519"]
[PlyCount "59"]
[GameId "2160767909812685"]
[EventDate "2011.02.11"]
[EventType "swiss"]
[EventRounds "5"]
[EventCountry "CAN"]
[SourceTitle "EXT 2013"]
[Source "ChessBase"]
[SourceDate "2012.11.22"]
[SourceVersion "1"]
[SourceVersionDate "2012.11.22"]
[SourceQuality "1"]

1. e4 c5 2. Nf3 d6 3. d4 cxd4 4. Nxd4 Nf6 5. Nc3 g6 6. f3 Bg7 7. Be3 Nc6 8. Qd2 O-O 9. Bc4 Bd7 10. O-O-O Rb8 11. g4 b5 12. Be2 b4 13. Nd5 Nxd5 14. Nxc6 Bxc6 15. exd5 Bb5 16. h4 Bxe2 17. Qxe2 Qa5 18. Kb1 Rb5 19. Qc4 h6 20. h5 g5 21. f4 f6 22. fxg5 fxg5 23. Qe4 e5 24. Qg6 Rf6 25. Qe8+ Kh7 26. Bxg5 hxg5 27. h6 Bxh6 28. Qe7+ Kg8 29. Qxf6 Bg7 30. Qe6+ 1-0

[Event "Quebec-ch U20"]
[Site "Montreal CAN"]
[Date "2011.02.13"]
[Round "4"]
[White "He, Shao Hang"]
[Black "Trottier, Emile"]
[Result "0-1"]
[WhiteElo "1508"]
[BlackElo "1973"]
[PlyCount "88"]
[GameId "2160767909812687"]
[EventDate "2011.02.11"]
[EventType "swiss"]
[EventRounds "5"]
[EventCountry "CAN"]
[SourceTitle "EXT 2013"]
[Source "ChessBase"]
[SourceDate "2012.11.22"]
[SourceVersion "1"]
[SourceVersionDate "2012.11.22"]
[SourceQuality "1"]

1. d4 e6 2. c4 f5 3. g3 Nf6 4. Bg2 d5 5. Nf3 c6 6. Qc2 Bd6 7. b3 O-O 8. O-O Qe7 9. Nc3 Bd7 10. Ne5 Be8 11. f4 Ne4 12. Nxe4 fxe4 13. e3 Bh5 14. Bh3 Bxe5 15. dxe5 Bf3 16. Bg2 Bxg2 17. Qxg2 b5 18. cxb5 cxb5 19. Bb2 a5 20. a3 Na6 21. Bd4 Rfc8 22. Qd2 Nc5 23. Bxc5 Rxc5 24. Rfc1 Rac8 25. b4 axb4 26. Rxc5 Rxc5 27. axb4 Rc4 28. Rb1 Qa7 29. Rb2 d4 30. exd4 Rxd4 31. Qf2 e3 32. Qe2 Rd2 33. Rxd2 exd2+ 34. Kg2 Qd4 35. Qd1 Qd3 36. Kf2 Kf7 37. h3 Ke7 38. Kg2 Qd4 39. Kf3 Qxb4 40. Ke2 Qe4+ 41. Kxd2 Qg2+ 42. Qe2 Qxg3 43. Qxb5 Qxf4+ 44. Ke2 Qh2+ 0-1

[Event "Quebec-ch U20"]
[Site "Montreal CAN"]
[Date "2011.02.13"]
[Round "4"]
[White "Lepine, Cedric"]
[Black "Yu, Kexin"]
[Result "1/2-1/2"]
[WhiteElo "1983"]
[BlackElo "1631"]
[PlyCount "65"]
[GameId "2160767909812689"]
[EventDate "2011.02.11"]
[EventType "swiss"]
[EventRounds "5"]
[EventCountry "CAN"]
[SourceTitle "EXT 2013"]
[Source "ChessBase"]
[SourceDate "2012.11.22"]
[SourceVersion "1"]
[SourceVersionDate "2012.11.22"]
[SourceQuality "1"]

1. d4 Nf6 2. c4 g6 3. Nc3 Bg7 4. e4 d6 5. f4 O-O 6. Nf3 c5 7. d5 Na6 8. Bd3 Nb4 9. Bb1 Re8 10. a3 Na6 11. O-O Nc7 12. Be3 a6 13. a4 Rb8 14. Bd3 Ng4 15. Bd2 e6 16. h3 exd5 17. cxd5 Nf6 18. a5 Nb5 19. Qb1 Bd7 20. Re1 Rc8 21. Bxb5 Bxb5 22. Nxb5 axb5 23. Bc3 Bh6 24. g3 Bg7 25. Kg2 Qd7 26. Bxf6 Bxf6 27. e5 Bg7 28. Qd3 c4 29. Qd2 Rcd8 30. e6 fxe6 31. dxe6 Qc6 32. Qe2 Bf6 33. Kh2 1/2-1/2

[Event "Quebec-ch U20"]
[Site "Montreal CAN"]
[Date "2011.02.13"]
[Round "4"]
[White "Luo, Zhao Yang"]
[Black "Gelet, Seymour"]
[Result "1-0"]
[WhiteElo "2004"]
[BlackElo "1885"]
[PlyCount "117"]
[GameId "2160767909812690"]
[EventDate "2011.02.11"]
[EventType "swiss"]
[EventRounds "5"]
[EventCountry "CAN"]
[SourceTitle "EXT 2013"]
[Source "ChessBase"]
[SourceDate "2012.11.22"]
[SourceVersion "1"]
[SourceVersionDate "2012.11.22"]
[SourceQuality "1"]

1. d4 d5 2. c4 e6 3. Nf3 Nf6 4. Bg5 Be7 5. Nc3 O-O 6. e3 Nbd7 7. Rc1 c6 8. Qc2 Re8 9. Bd3 dxc4 10. Bxc4 Nd5 11. Bxe7 Qxe7 12. O-O Nxc3 13. bxc3 e5 14. Rfd1 Kh8 15. dxe5 b5 16. Bb3 c5 17. Bd5 Rb8 18. Bc6 Rb6 19. Qe4 c4 20. Qd5 Rd8 21. Qd6 Qe6 22. Qxe6 fxe6 23. Rd6 Rxc6 24. Rxc6 Nb6 25. Rd6 Rf8 26. Ng5 Kg8 27. Nxe6 Re8 28. Rd8 Rxd8 29. Nxd8 Bf5 30. Nc6 Kf7 31. e6+ Bxe6 32. Nd8+ Ke7 33. Nxe6 Kxe6 34. e4 Na4 35. f4 Nc5 36. Re1 Nd3 37. Rf1 b4 38. f5+ Ke5 39. cxb4 c3 40. a4 c2 41. b5 c1=Q 42. Rxc1 Nxc1 43. a5 Nb3 44. b6 axb6 45. a6 Kxe4 46. a7 Kxf5 47. a8=Q Nc5 48. Qd5+ Kf6 49. Qc6+ Ne6 50. Qxb6 g5 51. g4 Ke5 52. Qb8+ Ke4 53. Qe8 Ke5 54. Qh8+ Kf4 55. Qf6+ Kxg4 56. Qxe6+ Kh4 57. Kg2 Kh5 58. Kg3 h6 59. Qf7# 1-0

[Event "Quebec-ch U20"]
[Site "Montreal CAN"]
[Date "2011.02.13"]
[Round "4"]
[White "Manailoiu, Dragos"]
[Black "Sun, Benjamin"]
[Result "1-0"]
[WhiteElo "1503"]
[BlackElo "1437"]
[PlyCount "67"]
[GameId "2160767909812691"]
[EventDate "2011.02.11"]
[EventType "swiss"]
[EventRounds "5"]
[EventCountry "CAN"]
[SourceTitle "EXT 2013"]
[Source "ChessBase"]
[SourceDate "2012.11.22"]
[SourceVersion "1"]
[SourceVersionDate "2012.11.22"]
[SourceQuality "1"]

1. d4 Nf6 2. c4 g6 3. Nc3 Bg7 4. e4 d6 5. Nf3 O-O 6. Be2 e5 7. O-O Nbd7 8. Be3 c6 9. Qc2 exd4 10. Nxd4 Nc5 11. Rad1 Qe7 12. f3 Rd8 13. Bf2 Nh5 14. Rfe1 Nf4 15. Bf1 Qg5 16. Kh1 h5 17. Nde2 Be5 18. Be3 h4 19. Qd2 Ncd3 20. Nxf4 Nxf4 21. Ne2 Qf6 22. Bxf4 Bxb2 23. Bg5 Qe5 24. f4 Qg7 25. Bxd8 Ba3 26. Nc3 Bb4 27. e5 Bg4 28. Bf6 Qf8 29. Rb1 Ba5 30. Rbc1 dxe5 31. fxe5 Bxc3 32. Rxc3 Qb4 33. Qh6 Qxc3 34. Qg7# 1-0

[Event "Quebec-ch U20"]
[Site "Montreal CAN"]
[Date "2011.02.13"]
[Round "4"]
[White "Poulin, Mathieu"]
[Black "Wang, Kelly"]
[Result "1-0"]
[WhiteElo "2032"]
[BlackElo "1519"]
[PlyCount "61"]
[GameId "2160767909812692"]
[EventDate "2011.02.11"]
[EventType "swiss"]
[EventRounds "5"]
[EventCountry "CAN"]
[SourceTitle "EXT 2013"]
[Source "ChessBase"]
[SourceDate "2012.11.22"]
[SourceVersion "1"]
[SourceVersionDate "2012.11.22"]
[SourceQuality "1"]

1. d4 d5 2. c4 e6 3. Nc3 Be7 4. Bf4 Nf6 5. e3 O-O 6. Bd3 dxc4 7. Bxc4 a6 8. a4 Nbd7 9. Qf3 Nb6 10. Bd3 Bb4 11. Nge2 Rb8 12. O-O Bd7 13. e4 Bc6 14. a5 Nc8 15. Rfd1 Ne7 16. Bg5 Ng6 17. Bc2 Be7 18. Qd3 h6 19. Bc1 Qe8 20. Qg3 Qc8 21. e5 Nd5 22. Bxg6 fxg6 23. Qxg6 Be8 24. Qg4 Kh8 25. Rd3 Nxc3 26. bxc3 Bb5 27. Rg3 Rg8 28. Nf4 Bg5 29. Ng6+ Kh7 30. Bxg5 hxg5 31. Qh5# 1-0

[Event "Quebec-ch classe"]
[Site "Montreal CAN"]
[Date "2011.01.21"]
[Round "1"]
[White "Bouchard, Jean-Marc"]
[Black "Plante, Michel"]
[Result "0-1"]
[WhiteElo "1942"]
[BlackElo "2107"]
[PlyCount "78"]
[GameId "2160767909812805"]
[EventDate "2011.01.21"]
[EventType "swiss"]
[EventRounds "5"]
[EventCountry "CAN"]
[SourceTitle "EXT 2013"]
[Source "ChessBase"]
[SourceDate "2012.11.22"]
[SourceVersion "1"]
[SourceVersionDate "2012.11.22"]
[SourceQuality "1"]

1. e4 d6 2. d4 Nf6 3. Nc3 e5 4. dxe5 dxe5 5. Qxd8+ Kxd8 6. Nf3 Bd6 7. Bc4 Ke7 8. O-O c6 9. h3 b5 10. Bd3 Na6 11. a3 Nc5 12. Be3 Nxd3 13. cxd3 Bb7 14. d4 Nd7 15. Rad1 exd4 16. Nxd4 g6 17. f4 f6 18. Nf3 Bc7 19. g4 Rhd8 20. g5 Bb6 21. gxf6+ Nxf6 22. Bxb6 axb6 23. e5 Nh5 24. Ng5 h6 25. Nge4 Rxd1 26. Nxd1 Bc8 27. Rf3 Be6 28. Kf2 b4 29. h4 bxa3 30. bxa3 Bg4 31. Rc3 Bxd1 32. Rxc6 Nxf4 33. Rxb6 Rxa3 34. Nc5 Nd3+ 35. Nxd3 Rxd3 36. Rxg6 h5 37. Rg3 Rd4 38. Ke1 Bc2 39. Rc3 Bf5 0-1

[Event "Quebec-ch classe"]
[Site "Montreal CAN"]
[Date "2011.01.21"]
[Round "1"]
[White "Gauthier, Denis"]
[Black "Drolet, Stephane"]
[Result "0-1"]
[WhiteElo "2003"]
[BlackElo "2219"]
[PlyCount "98"]
[GameId "2160767909812807"]
[EventDate "2011.01.21"]
[EventType "swiss"]
[EventRounds "5"]
[EventCountry "CAN"]
[SourceTitle "EXT 2013"]
[Source "ChessBase"]
[SourceDate "2012.11.22"]
[SourceVersion "1"]
[SourceVersionDate "2012.11.22"]
[SourceQuality "1"]

1. d4 d5 2. c4 c6 3. Nf3 Nf6 4. e3 Bf5 5. Nc3 e6 6. Qb3 Qb6 7. c5 Qc7 8. h3 h6 9. Be2 Nbd7 10. Qd1 b6 11. b4 a5 12. b5 bxc5 13. bxc6 Qxc6 14. Bb5 Qc7 15. Bb2 Bd6 16. dxc5 Bxc5 17. Rc1 O-O 18. O-O Qa7 19. Na4 Bd6 20. Nd4 Bg6 21. Nc6 Qb7 22. Qe2 Ne4 23. Nd4 Nb8 24. Rfd1 Ra7 25. Qg4 Nf6 26. Qe2 Qe7 27. Nc6 Nxc6 28. Rxc6 Rc7 29. Rdc1 Rfc8 30. Nb6 Rxc6 31. Bxc6 Rb8 32. Qa6 Qd8 33. Na4 Ne4 34. Bd4 Qh4 35. Qe2 Ba3 36. Rf1 Qd8 37. Be5 Bd6 38. Bd4 Qc7 39. Bb5 Ba3 40. g3 e5 41. Ba1 Ng5 42. Kg2 Qc8 43. Bxe5 Qxh3+ 44. Kg1 Rc8 45. Nc3 Bb4 46. Nxd5 Rc2 47. Nf4 Qc8 48. Qd1 Rd2 49. Qb3 Nf3+ 0-1

[Event "Quebec-ch classe"]
[Site "Montreal CAN"]
[Date "2011.01.21"]
[Round "1"]
[White "Larochelle, Martial"]
[Black "Lalumiere, Claude"]
[Result "1-0"]
[WhiteElo "2163"]
[BlackElo "1989"]
[PlyCount "73"]
[GameId "2160767909812810"]
[EventDate "2011.01.21"]
[EventType "swiss"]
[EventRounds "5"]
[EventCountry "CAN"]
[SourceTitle "EXT 2013"]
[Source "ChessBase"]
[SourceDate "2012.11.22"]
[SourceVersion "1"]
[SourceVersionDate "2012.11.22"]
[SourceQuality "1"]

1. c4 Nf6 2. g3 g6 3. Bg2 c5 4. Nc3 Bg7 5. Nf3 Nc6 6. d4 cxd4 7. Nxd4 O-O 8. O-O Qb6 9. Nc2 d6 10. b3 Bd7 11. h3 Qa5 12. Bd2 Qh5 13. e4 Bg4 14. hxg4 Nxg4 15. Re1 Nce5 16. Ne3 Qh2+ 17. Kf1 f5 18. exf5 Nxe3+ 19. Bxe3 Rxf5 20. Nd5 Nc6 21. Nf4 g5 22. Ne6 Be5 23. Qg4 Rf6 24. Rac1 h5 25. Qxg5+ Kf7 26. Nf4 Rh8 27. Nd5 Rg8 28. Qh4 Qxh4 29. gxh4 Rfg6 30. Bf3 Rh8 31. Bg5 Nd4 32. Be4 Rg7 33. Bxe7 Rg4 34. Rcd1 Rhg8 35. Bg5 Ne6 36. Bf5 R4xg5 37. Bxe6+ 1-0

[Event "Quebec-ch classe"]
[Site "Montreal CAN"]
[Date "2011.01.21"]
[Round "1"]
[White "Libersan, Thierry"]
[Black "Falardeau, Bruno"]
[Result "1/2-1/2"]
[WhiteElo "2112"]
[BlackElo "1968"]
[PlyCount "116"]
[GameId "2160767909812811"]
[EventDate "2011.01.21"]
[EventType "swiss"]
[EventRounds "5"]
[EventCountry "CAN"]
[SourceTitle "EXT 2013"]
[Source "ChessBase"]
[SourceDate "2012.11.22"]
[SourceVersion "1"]
[SourceVersionDate "2012.11.22"]
[SourceQuality "1"]

1. e4 c5 2. Nf3 d6 3. d4 cxd4 4. Qxd4 Nc6 5. Bb5 Bd7 6. Bxc6 Bxc6 7. Nc3 Nf6 8. Bg5 Qb6 9. Bxf6 gxf6 10. Qxb6 axb6 11. Nd4 Rg8 12. g3 e6 13. O-O-O f5 14. Nxc6 bxc6 15. exf5 exf5 16. Kb1 Rg6 17. Ne2 Bg7 18. Rhe1 Re6 19. Nd4 Bxd4 20. Rxe6+ fxe6 21. Rxd4 O-O-O 22. Rh4 Rd7 23. Rh6 Re7 24. a4 c5 25. c3 Kb7 26. Rf6 Kc6 27. Kc2 Kd5 28. f3 c4 29. Rf8 Rb7 30. b4 Ra7 31. Kb2 Rxa4 32. Rf7 h6 33. Rf6 Ra7 34. Rxh6 Rf7 35. Kc2 e5 36. Kd2 Ra7 37. g4 Ra2+ 38. Kd1 Rf2 39. g5 Rxf3 40. g6 Ke6 41. g7+ Kf7 42. Rg6 Kg8 43. h4 Rd3+ 44. Kc2 Rh3 45. Rxd6 f4 46. Re6 Kxg7 47. Rxe5 Kf6 48. Rb5 f3 49. Kd2 Rxh4 50. Ke3 Rh3 51. Kf2 Ke7 52. Rxb6 Rh2+ 53. Kxf3 Rh3+ 54. Ke4 Rxc3 55. Kd4 Rc1 56. Rc6 Kd7 57. Rxc4 Rxc4+ 58. Kxc4 Kc6 1/2-1/2

[Event "Quebec-ch classe"]
[Site "Montreal CAN"]
[Date "2011.01.22"]
[Round "2"]
[White "Drolet, Stephane"]
[Black "Dumont, Felix"]
[Result "1/2-1/2"]
[WhiteElo "2219"]
[BlackElo "2006"]
[PlyCount "58"]
[GameId "2160767909812813"]
[EventDate "2011.01.21"]
[EventType "swiss"]
[EventRounds "5"]
[EventCountry "CAN"]
[SourceTitle "EXT 2013"]
[Source "ChessBase"]
[SourceDate "2012.11.22"]
[SourceVersion "1"]
[SourceVersionDate "2012.11.22"]
[SourceQuality "1"]

1. d4 Nf6 2. Nf3 g6 3. Bg5 Bg7 4. c3 O-O 5. Nbd2 d6 6. e4 Nbd7 7. Bc4 h6 8. Bh4 e5 9. dxe5 dxe5 10. Qc2 c6 11. O-O Qc7 12. a4 Nc5 13. b4 Ne6 14. Rfd1 Nf4 15. Ne1 Ng4 16. h3 g5 17. Bg3 Nf6 18. f3 N6h5 19. Nf1 Nxg3 20. Nxg3 a5 21. Qd2 Be6 22. Nc2 Rfd8 23. Qe1 Rxd1 24. Qxd1 Qb6+ 25. Kh1 Bxh3 26. gxh3 Nxh3 27. Kg2 Nf4+ 28. Kf1 Nh3 29. Kg2 Nf4+ 1/2-1/2

[Event "Quebec-ch classe"]
[Site "Montreal CAN"]
[Date "2011.01.22"]
[Round "2"]
[White "Falardeau, Bruno"]
[Black "Rainfray, Arnaud"]
[Result "0-1"]
[WhiteElo "1968"]
[BlackElo "2401"]
[PlyCount "56"]
[GameId "2160767909812814"]
[EventDate "2011.01.21"]
[EventType "swiss"]
[EventRounds "5"]
[EventCountry "CAN"]
[SourceTitle "EXT 2013"]
[Source "ChessBase"]
[SourceDate "2012.11.22"]
[SourceVersion "1"]
[SourceVersionDate "2012.11.22"]
[SourceQuality "1"]

1. e4 c5 2. Nc3 Nc6 3. f4 g6 4. Nf3 Bg7 5. Bb5 Nd4 6. Nxd4 cxd4 7. Ne2 Nf6 8. e5 Nd5 9. c3 dxc3 10. bxc3 O-O 11. d4 d6 12. O-O Bg4 13. Qb3 Qb6 14. Bd2 Rac8 15. Qxd5 Be6 16. Qf3 Qxb5 17. Rfb1 Qa6 18. Ng3 dxe5 19. fxe5 Rfd8 20. Qxb7 Qd3 21. Rb2 h5 22. Qxe7 Rxd4 23. Kh1 Rg4 24. Qxa7 h4 25. Nf1 h3 26. Ne3 Qe2 27. Re1 Qf2 28. Rf1 hxg2+ 0-1

[Event "Quebec-ch classe"]
[Site "Montreal CAN"]
[Date "2011.01.22"]
[Round "2"]
[White "Gagnon, Serge"]
[Black "Larochelle, Martial"]
[Result "1-0"]
[WhiteElo "1985"]
[BlackElo "2163"]
[PlyCount "45"]
[GameId "2160767909812815"]
[EventDate "2011.01.21"]
[EventType "swiss"]
[EventRounds "5"]
[EventCountry "CAN"]
[SourceTitle "EXT 2013"]
[Source "ChessBase"]
[SourceDate "2012.11.22"]
[SourceVersion "1"]
[SourceVersionDate "2012.11.22"]
[SourceQuality "1"]

1. Nf3 f5 2. d4 Nf6 3. Bg5 e6 4. Nbd2 Be7 5. c4 O-O 6. Bxf6 Bxf6 7. e4 fxe4 8. Nxe4 d5 9. Nxf6+ Qxf6 10. Bd3 Nc6 11. O-O Kh8 12. Rc1 Nxd4 13. Nxd4 Qxd4 14. cxd5 exd5 15. Rxc7 Bg4 16. Qb3 Rac8 17. Rxb7 Qe5 18. Qa4 Rf4 19. Qxa7 d4 20. Re7 Qg5 21. Qc7 Rcf8 22. Qe5 Qh6 23. Re8 1-0

[Event "Quebec-ch classe"]
[Site "Montreal CAN"]
[Date "2011.01.22"]
[Round "2"]
[White "Gras, Guillaume"]
[Black "Gauthier, Denis"]
[Result "1-0"]
[Annotator ",user"]
[WhiteElo "2127"]
[BlackElo "2003"]
[PlyCount "52"]
[GameId "2160767739316934"]
[EventDate "2011.01.21"]
[EventType "swiss"]
[EventRounds "5"]
[EventCountry "CAN"]

1. e4 d5 2. exd5 Nf6 3. c4 c6 4. d4 cxd5 5. Nc3 e6 6. Nf3 Nc6 7. c5 Ne4 8. Bb5 Qa5 9. O-O Nxc3 10. Bxc6+ bxc6 11. bxc3 Be7 12. Ne5 Qa6 13. Qg4 Bf6 14. Bg5 Bxe5 15. dxe5 Qd3 16. Qa4 Qa6 17. Qh4 O-O 18. Qg3 Kh8 19. Rab1 Qc4 20. Rb4 Qe2 21. Rfb1 Ba6 22. h3 Qd3 23. Qh4 Qf5 24. Re1 Bc4 25. Qg3 h6 26. Be7 Rfe8 {etc.} 1-0